000 00755nam a22001937a 4500
003 OSt
005 20260416070009.0
008 260316b |||||||| |||| 00| 0 eng d
020 _a 978-0-545-13970-0
040 _aDWCL GS lib
_cOC
100 _aJ.K. ROWLING
245 _aHarry potter and the deathly hallows
260 _a New York
_bScholastic Inc
_c2007
300 _avii, 759 pages
_c19 cm.
520 _aHarry Potter and the Deathly Hallows follows Harry, Ron, and Hermione on a dangerous mission to find and destroy Voldemort’s remaining Horcruxes, bypassing their final year at Hogwarts.
650 _2fantasy novel,
650 _2accepting mortality, rather than fearing it, is the key to mastering life.
942 _2ddc
_cFIC.
_hFic.
_n0
999 _c9167
_d9167